| 000 | 00633 a2200193 4500 | ||
|---|---|---|---|
| 003 | NUST | ||
| 020 | _a0471977144 (alk. paper) | ||
| 038 | _aSCEE | ||
| 082 | _a627.042 GRA | ||
| 100 |
_aGraf, Walter H. _989175 |
||
| 245 |
_aFluvial hydraulics : _bflow and transport processes in channels of simple geometry / _cWalter H. Graf ; in collaboration with M.S. Altinakar. |
||
| 260 |
_aChichester ; _aNew York : _bWiley, _c1998. |
||
| 300 |
_a681 p. : _bill. ; _c26 cm. |
||
| 563 | _aH.B | ||
| 650 |
_aChannels (Hydraulic engineering) _989172 |
||
| 650 |
_aHydraulics. _989176 |
||
| 650 |
_aSediment transport. _989177 |
||
| 942 |
_2ddc _cBK |
||
| 999 |
_c587992 _d587992 |
||